Renovación de centros históricos en grandes ciudades latinoamericanas: repercusiones socioeconómicas, urbanístico-estructurales y medioambientales-urbanas

Saved in:
Bibliografiske detaljer
Hovedforfatter: Vergara Durán, Adrián (Author)
Format: Bog
Sprog:spansk
Udgivet: Barranquilla Ediciones Uninorte 2008
Udgivelse:1a. ed
Fag:
Tags: Tilføj Tag
Ingen Tags, Vær først til at tagge denne postø!

MARC

LEADER 00000cam a2200000 a 4500
001 UCE0244
003 CL-VaPUC
008 140109e20080000ck |||||||||||||||||spa|d
020 |a 9789588252698 
082 0 4 |a 363.69098  |b VER  |2 21 
100 0 |a Vergara Durán, Adrián  |e author  |9 572605 
245 1 0 |a Renovación de centros históricos en grandes ciudades latinoamericanas: repercusiones socioeconómicas, urbanístico-estructurales y medioambientales-urbanas 
250 |a 1a. ed 
300 |a 279 p 
942 |c BK 
945 |d 20140109 11:50:00  |a dcastane 
260 |a Barranquilla  |b Ediciones Uninorte  |c 2008 
650 7 |a PRESERVACION DEL PATRIMONIO  |2 CL-VaPUC  |9 471048 
650 7 |a CONSERVACION HISTORICA  |2 CL-VaPUC  |9 572606 
650 0 |a Patrimonio cultural  |9 309364 
650 0 |a Ciudades  |9 265474 
583 |a last modification  |c 20140109 11:50:00  |k Rodrigo Vera 
999 |c 354446  |d 354444 
952 |0 0  |1 0  |3 erb  |4 0  |6 363_690980000000000_VER_2008  |7 0  |8 A  |9 460323  |a BIBING  |b BIBING  |i 5045851  |o 363.69098 VER 2008  |p 5045851  |r 2025-01-20  |w 2019-11-23  |y BK  |z Catalogado en:20140109  |k GEO